| 000 | 00332nam a2200133Ia 4500 | ||
|---|---|---|---|
| 008 | 190216s9999||||xx |||||||||||||| ||und|| | ||
| 100 | _a"Venugopalan. K, Vinod. A" | ||
| 245 | 0 | _aBusiness Environment | |
| 250 | _a2ND | ||
| 260 |
_bCalicut University Central Co-Operative _c2007 |
||
| 300 | _a344 | ||
| 650 | _aCommerce | ||
| 942 | _cBK | ||
| 999 |
_c8219 _d8219 |
||